Fastest Cars (production cars around the track) - Statistics

General Stats
  • This quiz has been taken 641 times
    584 since last reset
  • The average score is 4 of 21
Answer Stats
Hint Answer % Correct
7:24.22 Nissan GT-R
58%
7:12.13 Dodge Viper ACR
44%
7:25.70 Ferrari Enzo
37%
7:33.00 Porsche 911 GT3 RS 997 MkII
28%
7:34.00 Porsche 911 GT2
21%
7:32.92 Ferrari 458 Italia
20%
7:38.00 Porsche 911 Turbo
18%
7:28.00 Porsche Carrera GT
18%
7:40.00 Lamborghini Murcielago LP640
16%
7:38.00 Lexus LFA
16%
7:19.63 Chevrolet Corvette C6 ZR1
15%
7:40.60 Ford GT
15%
7:18.00 Porsche 911 GT2 RS
11%
7:22.68 Chevrolet Corvette C6 Z06
10%
7:24.30 Maserati MC12
9%
7:40.00 Mercedes SLS AMG
8%
7:39.00 Ferrari 430 Scuderia
4%
7:40.76 Lamborghini Gallardo LP570-4 Superleggera
3%
7:14.64 Lexus LFA Nurburgring Package
3%
7:40.00 Mercedes-Benz SLR McLaren
3%
7:37.90 991 Porsche 911 Carrera S
2%
No matching quizzes found
Score Distribution
Percent of People with Each Score
Percentile by Number Answered
Your Score History
You have not taken this quiz since the last reset